| 000 | 00620nam a2200229Ia 4500 | ||
|---|---|---|---|
| 008 | 180620s9999 xx 000 0 und d | ||
| 020 | _a1-59257-421-1 | ||
| 050 | _aREF HD 69.T54 | ||
| 050 | _b.D38 2005 | ||
| 100 | _aDavidson, Jeff. | ||
| 245 | 4 | _aThe Complete idiot's guide to getting things done / | |
| 245 | 0 | _cJeff Davidson. | |
| 260 | _aNew York : | ||
| 260 | _bAlpha Books, | ||
| 260 | _c2005 | ||
| 300 | _a324 pages : | ||
| 300 | _c23 cm. | ||
| 500 | _aIncludes bibliographical references and index. | ||
| 650 | _aOrganizational behavior. | ||
| 650 | _aTime management. | ||
| 650 | _xManagement. | ||
| 999 |
_c358007 _d358007 |
||